Principles of Semiconductors (Record no. 9665)

000 -LEADER
fixed length control field 00326nam a2200133Ia 4500
008 - FIXED-LENGTH DATA ELEMENTS--GENERAL INFORMATION
fixed length control field 200103s9999||||xx |||||||||||||| ||und||
082 ## - DEWEY DECIMAL CLASSIFICATION NUMBER
Classification number Column-49
100 ## - MAIN ENTRY--PERSONAL NAME
Personal name Scroggie, M. G.
245 #0 - TITLE STATEMENT
Title Principles of Semiconductors
260 ## - PUBLICATION, DISTRIBUTION, ETC. (IMPRINT)
Name of publisher, distributor, etc Iliffe Books Ltd., London
Date of publication, distribution, etc 1961
300 ## - PHYSICAL DESCRIPTION
Extent viii, 156
942 ## - ADDED ENTRY ELEMENTS (KOHA)
Item type Books
Holdings
Withdrawn status Lost status Damaged status Not for loan Shelving location Date acquired Barcode Date last seen Koha item type
          2020-01-08 LBS2121 2025-03-17 Books
Copyright © 2021 Indian Maritime University, Mumbai Port Campus. All Rights Reserved. Managed & Maintained by Central Library, IMU-Mumbai

webs counters

Powered by Koha